[Event "International Championship of Central Se"]
[Site "Paracin, hotel "]
[Date "2013.07.10"]
[Round "7.1"]
[White "Rasic, Jovan"]
[Black "Radovic, Janko"]
[Result "0-1"]
[WhiteElo "2085"]
[BlackElo "2038"]
[PlyCount "64"]
[EventDate "2013.07.05"]

1. e4 c5 2. d4 cxd4 3. c3 dxc3 4. Nxc3 Nc6 5. Nf3 Nf6 6. e5 Ng4 7. Bf4 d6 8.
Bc4 Qb6 9. O-O Ngxe5 10. Bxe5 dxe5 11. Ng5 e6 12. Qf3 f6 13. Bxe6 Nd4 14. Qh5+
g6 15. Bf7+ Kd8 16. Bxg6 fxg5 17. Qxg5+ Be7 18. Qxe5 Bf6 19. Qd5+ Bd7 20. Be4
Rf8 21. Rad1 Rc8 22. Na4 Qe6 23. Rxd4 Bxd4 24. Qxd4 Rc4 25. Qg7 Rg8 26. Qxh7
Rxa4 27. Bf5 Qd5 28. Bh3 Bxh3 29. Qxh3 Rd4 30. f3 Rd2 31. Qh4+ Qg5 32. Qg3
Rxg2+ 0-1

[Event "International Championship of Central Se"]
[Site "Paracin, hotel "]
[Date "2013.07.10"]
[Round "7.2"]
[White "Cica, Dragan"]
[Black "Janjic, Jovo"]
[Result "1/2-1/2"]
[WhiteElo "2063"]
[BlackElo "2008"]
[PlyCount "74"]
[EventDate "2013.07.05"]

1. e4 c5 2. Nf3 Nc6 3. d4 cxd4 4. Nxd4 d6 5. c4 Nf6 6. Nc3 g6 7. Be2 Bg7 8. O-O
O-O 9. Be3 Bd7 10. f3 Nxd4 11. Bxd4 Bc6 12. b4 b6 13. a4 a5 14. bxa5 bxa5 15.
Nd5 Bxd5 16. cxd5 Nd7 17. Bxg7 Kxg7 18. Qd4+ f6 19. Rab1 Nc5 20. Kh1 Qc7 21.
Rfc1 Rfb8 22. Bb5 Ra7 23. Bc6 Rb4 24. Rxb4 axb4 25. Rb1 b3 26. Qb4 Qa5 27. Qxa5
Rxa5 28. Kg1 f5 29. exf5 gxf5 30. Kf2 f4 31. g3 fxg3+ 32. hxg3 Nxa4 33. Bxa4
Rxa4 34. Rxb3 Rd4 35. Rb5 Kf6 36. Ke3 Rd1 37. Ke4 h5 1/2-1/2

[Event "International Championship of Central Se"]
[Site "Paracin, hotel "]
[Date "2013.07.10"]
[Round "7.3"]
[White "Ljangov, Petar"]
[Black "Grbic, Branko"]
[Result "1/2-1/2"]
[WhiteElo "2010"]
[BlackElo "1984"]
[PlyCount "59"]
[EventDate "2013.07.05"]

1. e4 c5 2. Nf3 e6 3. c3 d5 4. exd5 Qxd5 5. d4 Nf6 6. Bb5+ Bd7 7. Bxd7+ Nbxd7
8. O-O cxd4 9. Qxd4 Qh5 10. Nbd2 Bc5 11. Qf4 O-O 12. Qg5 Qxg5 13. Nxg5 Ne5 14.
Nge4 Nxe4 15. Nxe4 Be7 16. Rb1 Nd3 17. Rd1 Nxc1 18. Rbxc1 Rfd8 19. Kf1 f5 20.
Ng3 g6 21. Ke2 e5 22. f3 h5 23. Rxd8+ Rxd8 24. Rd1 h4 25. Rxd8+ Bxd8 26. Nf1
Kf7 27. c4 Ke6 28. Kd3 Be7 29. Ne3 Bc5 30. h3 1/2-1/2

[Event "International Championship of Central Se"]
[Site "Paracin, hotel "]
[Date "2013.07.10"]
[Round "7.4"]
[White "Boskovic, Maksimilijan"]
[Black "Ostojic, Nikola M"]
[Result "1/2-1/2"]
[WhiteElo "1927"]
[BlackElo "2068"]
[PlyCount "96"]
[EventDate "2013.07.05"]

1. c4 e6 2. Nf3 d5 3. e3 Nf6 4. b3 c6 5. Bb2 Bd6 6. Be2 Nbd7 7. d4 Qe7 8. Nbd2
e5 9. dxe5 Nxe5 10. O-O O-O 11. cxd5 Nxd5 12. Nxe5 Bxe5 13. Bxe5 Qxe5 14. Nc4
Qe7 15. Qc2 Be6 16. Rfd1 Rad8 17. a3 Nb6 18. Na5 Rxd1+ 19. Bxd1 Qc7 20. b4 Nd7
21. Bf3 Rc8 22. Rc1 g6 23. Qc3 Ne5 24. Be4 Nd7 25. b5 Nf6 26. Bf3 Nd5 27. Qd2
Qb6 28. bxc6 bxc6 29. Nc4 Qa6 30. h3 Rb8 31. Na5 Rb5 32. Nc4 Rb3 33. Bd1 Rb8
34. a4 c5 35. e4 Nf6 36. e5 Nd7 37. f4 Bxc4 38. Qxd7 Be6 39. Qd6 Qxd6 40. exd6
Rc8 41. Be2 Rc6 42. Rd1 Rc8 43. Bb5 Rd8 44. Kf2 f6 45. Ke3 Kf7 46. Rc1 c4 47.
Bxc4 Rxd6 48. Bxe6+ Kxe6 1/2-1/2

[Event "International Championship of Central Se"]
[Site "Paracin, hotel "]
[Date "2013.07.10"]
[Round "7.5"]
[White "Djuretanovic, Ivan"]
[Black "Milosavljevic, Milica"]
[Result "0-1"]
[WhiteElo "2042"]
[BlackElo "1926"]
[PlyCount "149"]
[EventDate "2013.07.05"]

1. e4 c5 2. d3 d6 3. g3 g6 4. Bg2 Bg7 5. f4 e6 6. Nf3 Nc6 7. c4 Nge7 8. Nc3 O-O
9. Be3 Nd4 10. O-O Nec6 11. a3 Rb8 12. Rb1 a6 13. Ne2 b5 14. Nfxd4 Nxd4 15.
Nxd4 cxd4 16. Bd2 Qb6 17. b3 Bd7 18. Qe1 Rfe8 19. Ba5 Qa7 20. Bb4 Qc7 21. Rc1
bxc4 22. bxc4 Bc6 23. Qd2 Qd7 24. Bh3 f5 25. exf5 exf5 26. Rfe1 Bf6 27. Bg2 Kf7
28. Rxe8 Rxe8 29. Re1 Rxe1+ 30. Qxe1 Bxg2 31. Kxg2 Qe6 32. Qxe6+ Kxe6 33. Kf3
Bd8 34. a4 Bb6 35. h3 h5 36. g4 hxg4+ 37. hxg4 Bc7 38. c5 dxc5 39. Bxc5 Kd5 40.
gxf5 gxf5 41. Bb4 Bb8 42. Kg3 Bc7 43. Be7 Ke6 44. Bg5 Ba5 45. Kh4 Be1+ 46. Kh5
Bd2 47. Kg6 Be3 48. Bh6 Bd2 49. Kg5 Be3 50. Bg7 Bf2 51. Be5 Bg1 52. Kh4 Bf2+
53. Kh3 Kd5 54. Kg2 Be3 55. Kg3 Bg1 56. Kh4 Bf2+ 57. Kg5 Ke6 58. Kg6 Bg1 59.
Kg7 Ke7 60. Bf6+ Ke6 61. Bg5 Be3 62. Kf8 Bd2 63. Ke8 Ba5 64. Bd8 Bxd8 65. Kxd8
Kd6 66. a5 Kc5 67. Ke7 Kb4 68. Ke6 Kc3 69. Kxf5 Kxd3 70. Ke6 Kc4 71. f5 d3 72.
f6 d2 73. f7 d1=Q 74. f8=Q Qd5+ 75. Ke7 0-1

[Event "International Championship of Central Se"]
[Site "Paracin, hotel "]
[Date "2013.07.10"]
[Round "7.6"]
[White "Zivkovic, Zivojin"]
[Black "Pribanovic, Milivoje"]
[Result "0-1"]
[WhiteElo "1981"]
[BlackElo "1841"]
[PlyCount "25"]
[EventDate "2013.07.05"]

1. Nf3 d5 2. g3 Nf6 3. Bg2 e6 4. d3 c5 5. O-O Bd6 6. Nbd2 Nc6 7. e4 dxe4 8.
dxe4 e5 9. c3 O-O 10. Qc2 Qe7 11. Nc4 Bc7 12. Re1 Be6 13. Ne3 0-1

[Event "International Championship of Central Se"]
[Site "Paracin, hotel "]
[Date "2013.07.10"]
[Round "7.8"]
[White "Brankovan, Mario"]
[Black "Korbovljanovic, Natasa"]
[Result "1/2-1/2"]
[WhiteElo "1938"]
[BlackElo "1877"]
[PlyCount "44"]
[EventDate "2013.07.05"]

1. c4 c5 2. Nc3 Nc6 3. Nf3 Nf6 4. g3 e6 5. Bg2 d5 6. cxd5 Nxd5 7. O-O Nxc3 8.
dxc3 Qxd1 9. Rxd1 Bd7 10. Bf4 O-O-O 11. h3 Be7 12. Ne5 Nxe5 13. Bxe5 f6 14. Bf4
Bb5 15. Bf3 Rxd1+ 16. Rxd1 Rd8 17. Rxd8+ Bxd8 18. Be3 b6 19. Kf1 Kd7 20. Be4 f5
21. Bf3 Bc6 22. Bxc6+ Kxc6 1/2-1/2

[Event "International Championship of Central Se"]
[Site "Paracin, hotel "]
[Date "2013.07.10"]
[Round "7.9"]
[White "Bozilov, Dragan"]
[Black "Tomic, Slobodan"]
[Result "0-1"]
[WhiteElo "1930"]
[BlackElo "2082"]
[Annotator ",ja"]
[PlyCount "52"]
[EventDate "2013.07.05"]

1. c4 e5 2. Nc3 c5 3. g3 Nc6 4. Bg2 g6 5. e3 Bg7 6. Nge2 f5 7. d3 Nge7 8. O-O
O-O 9. Nd5 Rb8 10. Nec3 d6 11. Re1 Be6 12. Bd2 Bf7 13. Rb1 Nxd5 14. Nxd5 Ne7
15. Nxe7+ Qxe7 16. Qc2 Rfc8 17. Bc3 Qd7 18. Red1 b5 19. b3 a6 20. Qb2 Qe7 21.
Qa1 Be8 22. Bf1 Bc6 23. f4 Re8 24. Bg2 Bxg2 25. Kxg2 Qc7 26. Kf2 Rbd8 {
unreadable} 0-1

[Event "International Championship of Central Se"]
[Site "Paracin, hotel "]
[Date "2013.07.10"]
[Round "7.10"]
[White "Milosavljevic, Marija"]
[Black "Marjanovics, Gyorgy"]
[Result "1-0"]
[WhiteElo "1901"]
[BlackElo "2069"]
[PlyCount "91"]
[EventDate "2013.07.05"]

1. c4 e6 2. g3 d5 3. Bg2 Nf6 4. cxd5 exd5 5. Nf3 Bd6 6. O-O O-O 7. d3 c6 8. Nc3
h6 9. Bd2 Re8 10. a3 Bf5 11. Nd4 Bh7 12. b4 Nbd7 13. Nb3 Qe7 14. Re1 Rac8 15.
Rc1 Bc7 16. Na4 Bb8 17. Nac5 b6 18. Nxd7 Qxd7 19. Bc3 Qe7 20. Qd2 Bf5 21. Qb2
Be5 22. Bxe5 Qxe5 23. Qxe5 Rxe5 24. Kf1 Bd7 25. Rc3 Rce8 26. Nd4 Rc8 27. Rec1
Re7 28. Nxc6 Bxc6 29. Rxc6 Rxc6 30. Rxc6 Kf8 31. Rc8+ Re8 32. Rxe8+ Kxe8 33.
Ke1 Kd7 34. Kd2 Kc6 35. Bf3 Ne8 36. Kc3 Nc7 37. a4 a5 38. bxa5 bxa5 39. e4 dxe4
40. Bxe4+ Kc5 41. d4+ Kd6 42. Kc4 g6 43. h3 f5 44. Bc2 Ne6 45. h4 Nc7 46. h5
1-0

[Event "International Championship of Central Se"]
[Site "Paracin, hotel "]
[Date "2013.07.10"]
[Round "7.11"]
[White "Molcanov, Sergej"]
[Black "Jandric, Damjan"]
[Result "0-1"]
[WhiteElo "1893"]
[BlackElo "2058"]
[PlyCount "142"]
[EventDate "2013.07.05"]

1. d4 Nf6 2. c4 g6 3. Nc3 Bg7 4. Nf3 d6 5. h3 O-O 6. Bf4 Nfd7 7. e3 e5 8. Bh2
Nc6 9. Be2 Re8 10. O-O e4 11. Nd2 f5 12. Rb1 Nf6 13. b4 g5 14. Qb3 Kh8 15. Nd5
Nxd5 16. cxd5 Ne7 17. Rfc1 Bd7 18. a4 Ng6 19. b5 Re7 20. a5 b6 21. Rc3 Be8 22.
a6 Bf7 23. Rbc1 Nf8 24. Nb1 h6 25. Na3 Nh7 26. Nc2 Nf6 27. Nb4 Be8 28. Qc2 Rc8
29. Rf1 Bd7 30. Rc1 Be8 31. Nc6 Bxc6 32. Rxc6 Rd7 33. Qb3 Qg8 34. g4 fxg4 35.
hxg4 Bf8 36. f3 Qh7 37. fxe4 Qxe4 38. Qd3 Qxd5 39. Qg6 Qe6 40. e4 Qf7 41. Qxf7
Rxf7 42. e5 Ne8 43. exd6 Rd7 44. dxc7 Bd6 45. Bxd6 Rxd6 46. Rxd6 Nxd6 47. Rc6
Ne8 48. Rxh6+ Kg7 49. Rc6 Rxc7 50. Rxc7+ Nxc7 51. Bc4 Ne8 52. Bd5 Nc7 53. Bc6
Ne6 54. d5 Nc5 55. Kf2 Kf6 56. Ke3 Ke5 57. d6 Kxd6 58. Kd4 Nxa6 59. Bd5 Nc5 60.
Bc4 Nb7 61. Ke4 Kc5 62. Bd3 Nd6+ 63. Ke5 Nxb5 64. Kf6 a5 65. Kxg5 a4 66. Kf4 a3
67. Bb1 Nc3 68. g5 Nxb1 69. g6 a2 70. g7 a1=Q 71. g8=Q Qd4+ 0-1

[Event "International Championship of Central Se"]
[Site "Paracin, hotel "]
[Date "2013.07.10"]
[Round "7.12"]
[White "Chetina, Elizaveta"]
[Black "Majstorovic, Dusan"]
[Result "1-0"]
[WhiteElo "1881"]
[BlackElo "2025"]
[PlyCount "93"]
[EventDate "2013.07.05"]

1. e4 e5 2. Nf3 Nc6 3. d4 exd4 4. Nxd4 Bc5 5. Be3 Qf6 6. c3 Nge7 7. Nc2 Bb6 8.
Nd2 O-O 9. Bxb6 axb6 10. Ne3 d6 11. Bd3 Ne5 12. Bc2 Qh4 13. O-O N7g6 14. Nf3
Qh6 15. Nxe5 dxe5 16. Qf3 c6 17. Nc4 Be6 18. Nxb6 Ra6 19. Na4 Bc4 20. Rfe1 c5
21. g3 Rf6 22. Qe3 Qh3 23. Kh1 b6 24. Bd1 h5 25. Be2 Bxe2 26. Qxe2 h4 27. Rg1
Rd8 28. b3 Rfd6 29. Rad1 hxg3 30. fxg3 Qd7 31. Nxb6 Qa7 32. Rxd6 Rxd6 33. Nc8
Qa6 34. Qxa6 Rxa6 35. Ra1 Kf8 36. Rd1 Ke8 37. Nd6+ Ke7 38. Nf5+ Kf6 39. Rd6+
Rxd6 40. Nxd6 Ne7 41. Nb7 c4 42. b4 Nc6 43. Na5 Na7 44. a4 Ke6 45. Nxc4 g6 46.
Kg2 f5 47. Kf3 1-0

[Event "International Championship of Central Se"]
[Site "Paracin, hotel "]
[Date "2013.07.10"]
[Round "7.13"]
[White "Rajic, Momcilo"]
[Black "Stojkovic, Zoran"]
[Result "1-0"]
[WhiteElo "1824"]
[BlackElo "2005"]
[PlyCount "87"]
[EventDate "2013.07.05"]

1. e4 c5 2. Nc3 Nc6 3. Nf3 g6 4. d4 cxd4 5. Nxd4 Bg7 6. Be3 a6 7. Be2 d6 8. Qd2
Nf6 9. O-O Ng4 10. Bxg4 Bxg4 11. h3 Bd7 12. Rad1 Rc8 13. Nd5 O-O 14. Ne2 Be6
15. Bh6 Ne5 16. Bxg7 Kxg7 17. b3 Bxd5 18. exd5 b5 19. Nd4 Qc7 20. Qg5 Rce8 21.
Rfe1 e6 22. f4 f6 23. Qg3 Qc5 24. Kh1 exd5 25. fxe5 dxe5 26. b4 Qxb4 27. Qg4
Kh8 28. Nb3 Qxg4 29. hxg4 d4 30. Re2 h6 31. Rf1 Rc8 32. Kh2 Kg7 33. Kg3 Rc6 34.
Kf3 Kf7 35. Ke4 Ke6 36. Kd3 Kd5 37. Kd2 e4 38. Kd1 f5 39. gxf5 gxf5 40. Ref2 e3
41. Rxf5+ Rxf5 42. Rxf5+ Ke4 43. g4 Rg6 44. Nc5# 1-0

[Event "International Championship of Central Se"]
[Site "Paracin, hotel "]
[Date "2013.07.10"]
[Round "7.14"]
[White "Lazic, Milan B"]
[Black "Kostic, Marko G"]
[Result "1-0"]
[WhiteElo "1978"]
[BlackElo "1937"]
[PlyCount "93"]
[EventDate "2013.07.05"]

1. e4 c5 2. c3 d5 3. exd5 Qxd5 4. d4 Nf6 5. Nf3 e6 6. Be2 Be7 7. Na3 O-O 8. Nb5
Na6 9. O-O Bd7 10. c4 Qc6 11. Ne5 Qc8 12. Be3 cxd4 13. Nxd7 Qxd7 14. Bxd4 b6
15. Bf3 Rad8 16. Qe2 Bc5 17. Bxf6 gxf6 18. Rfd1 Qe7 19. a3 Nb8 20. b4 Bd6 21.
Rd3 a6 22. Nd4 Be5 23. Rad1 Bxd4 24. Rxd4 Rxd4 25. Rxd4 Rd8 26. Rg4+ Kh8 27.
Qe3 f5 28. Rg3 Qf6 29. Qc1 e5 30. Rh3 e4 31. Rh6 Qg7 32. Be2 Rg8 33. g3 Nd7 34.
Rd6 Ne5 35. Rxb6 Rd8 36. Qh6 Qxh6 37. Rxh6 Rd2 38. Kf1 Ng6 39. Rh5 f4 40. Ke1
Ra2 41. c5 Rxa3 42. c6 f3 43. Bc4 Ne7 44. c7 Kg7 45. Re5 Nc8 46. Re8 Nd6 47.
c8=Q 1-0

[Event "International Championship of Central Se"]
[Site "Paracin, hotel "]
[Date "2013.07.10"]
[Round "7.15"]
[White "Zivanovic, Blagoje"]
[Black "Dragojevic, Dragan"]
[Result "1/2-1/2"]
[WhiteElo "1817"]
[BlackElo "1971"]
[PlyCount "92"]
[EventDate "2013.07.05"]

1. e4 e5 2. Nf3 Nc6 3. Bc4 Bc5 4. b4 Bb6 5. c3 d6 6. a4 a6 7. d3 Nf6 8. O-O Qe7
9. h3 Be6 10. Qb3 Nd8 11. a5 Ba7 12. Be3 Bxe3 13. fxe3 O-O 14. Nbd2 c6 15. Bxe6
Nxe6 16. Rae1 g6 17. Rf2 Kg7 18. Ref1 Nd7 19. Nc4 Rae8 20. Qb2 f6 21. Nh2 Rf7
22. g4 Ref8 23. Rg2 d5 24. Nd2 Qd6 25. exd5 cxd5 26. Qb3 Rc8 27. c4 Nc7 28. c5
Qc6 29. Rgf2 Qb5 30. Nhf3 Re8 31. d4 e4 32. Nh4 Qc6 33. Ng2 Nf8 34. Nf4 Nfe6
35. Nxe6+ Nxe6 36. Rg2 h6 37. h4 Ref8 38. Nxe4 dxe4 39. d5 Nxc5 40. Qc4 Qa4 41.
Qxc5 Qe8 42. Qd4 Qe5 43. Qxe5 fxe5 44. Rgf2 Rxf2 45. Rxf2 Rf7 46. Rc2 Kf6
1/2-1/2

[Event "International Championship of Central Se"]
[Site "Paracin, hotel "]
[Date "2013.07.10"]
[Round "7.16"]
[White "Milanovic, Maja"]
[Black "Lazovic, Bozidar"]
[Result "0-1"]
[WhiteElo "1969"]
[BlackElo "1786"]
[PlyCount "61"]
[EventDate "2013.07.05"]

1. e4 c5 2. Nf3 d6 3. d4 cxd4 4. Nxd4 Nf6 5. Nc3 g6 6. Be3 Bg7 7. f3 O-O 8. Qd2
Nc6 9. Bc4 Bd7 10. O-O-O Nxd4 11. Bxd4 Rc8 12. Bb3 b5 13. h4 a5 14. a4 b4 15.
Nd5 Nxd5 16. exd5 f6 17. h5 Qe8 18. hxg6 hxg6 19. Kb1 Bxa4 20. Bxa4 Qxa4 21. b3
Qb5 22. Ba1 a4 23. Rh2 axb3 24. cxb3 Ra8 25. Qb2 Ra5 26. Qd4 Rfa8 27. Bb2 Ra2
28. Rdh1 Rxb2+ 29. Qxb2 f5 30. Rh8+ Kf7 31. R8h7 0-1

[Event "International Championship of Central Se"]
[Site "Paracin, hotel "]
[Date "2013.07.10"]
[Round "7.17"]
[White "Vasilev, Martin"]
[Black "Jakovljevic, Dejan"]
[Result "1-0"]
[WhiteElo "1741"]
[BlackElo "1964"]
[PlyCount "83"]
[EventDate "2013.07.05"]

1. d4 Nf6 2. c4 e6 3. Nc3 Bb4 4. Bd2 b6 5. e3 O-O 6. a3 Bxc3 7. Bxc3 Bb7 8. Nf3
Ne4 9. Bd3 f5 10. O-O d6 11. Nd2 Nd7 12. f3 Nxc3 13. bxc3 Qg5 14. Qe2 e5 15. f4
exf4 16. exf4 Qf6 17. Nb3 Rae8 18. Qf2 Qg6 19. d5 Nc5 20. Nxc5 bxc5 21. Rfe1
Qf6 22. Qd2 Qf7 23. Rxe8 Rxe8 24. Re1 Rxe1+ 25. Qxe1 c6 26. dxc6 Bxc6 27. Qb1
Qe7 28. Qc1 Be4 29. Qe3 Kf7 30. Bxe4 fxe4 31. Kf2 Qe6 32. Qe2 Qf5 33. Ke3 Qe6
34. Qh5+ Kf8 35. Qd5 Qh6 36. Kxe4 Qxh2 37. Qxd6+ Kf7 38. Qd5+ Kf6 39. Qf5+ Ke7
40. Qxc5+ Ke6 41. f5+ Kf6 42. Qf8+ 1-0

[Event "International Championship of Central Se"]
[Site "Paracin, hotel "]
[Date "2013.07.10"]
[Round "7.18"]
[White "Radovanovic, Miroljub B"]
[Black "Zajic, Milun"]
[Result "1-0"]
[WhiteElo "1961"]
[BlackElo "1930"]
[PlyCount "49"]
[EventDate "2013.07.05"]

1. e4 e5 2. Nf3 Qe7 3. Nc3 c6 4. Bc4 d6 5. O-O Nf6 6. d4 h6 7. h3 Qc7 8. Be3
Nbd7 9. Qd2 Be7 10. a4 g5 11. Nh2 Nf8 12. f3 Ng6 13. Rfe1 Nh5 14. Ne2 Ngf4 15.
Nf1 Ng6 16. Nfg3 Nxg3 17. Nxg3 d5 18. exd5 exd4 19. Bxd4 Qxg3 20. Bxh8 Kf8 21.
Qd4 Nf4 22. Qg7+ Ke8 23. Rxe7+ Kxe7 24. d6+ Kxd6 25. Qe5+ 1-0

[Event "International Championship of Central Se"]
[Site "Paracin, hotel "]
[Date "2013.07.10"]
[Round "7.20"]
[White "Antic, Nenad"]
[Black "Brankovic, Slavoljub"]
[Result "1-0"]
[WhiteElo "2022"]
[BlackElo "1825"]
[PlyCount "63"]
[EventDate "2013.07.05"]

1. d4 Nf6 2. c4 e6 3. Nc3 Bb4 4. Qc2 c5 5. dxc5 Bxc5 6. Nf3 Nc6 7. Bg5 h6 8.
Bh4 b6 9. e3 Be7 10. Be2 Bb7 11. O-O a6 12. Rfd1 Nb4 13. Qd2 d5 14. a3 Nc6 15.
Bxf6 Bxf6 16. cxd5 exd5 17. Nxd5 O-O 18. Rac1 Na5 19. Nxf6+ Qxf6 20. Qc3 Qe6
21. b4 Rac8 22. Qe5 Rxc1 23. Rxc1 Qa2 24. bxa5 Qxe2 25. axb6 Bxf3 26. gxf3 Qxf3
27. Qc7 Re8 28. b7 Re6 29. b8=Q+ Kh7 30. Qb1+ Re4 31. Qxe4+ Qxe4 32. Qc2 1-0

[Event "International Championship of Central Se"]
[Site "Paracin, hotel "]
[Date "2013.07.10"]
[Round "7.21"]
[White "Kosir, Franci"]
[Black "Majcen, Zoran"]
[Result "1/2-1/2"]
[WhiteElo "1934"]
[BlackElo "1848"]
[PlyCount "53"]
[EventDate "2013.07.05"]

1. e4 e5 2. Nf3 Nc6 3. Bb5 d6 4. d4 exd4 5. Nxd4 Bd7 6. O-O Nxd4 7. Bxd7+ Qxd7
8. Qxd4 Nf6 9. Bg5 Be7 10. Nc3 O-O 11. Rfe1 Rfe8 12. Rad1 Nh5 13. Bxe7 Qxe7 14.
Nd5 Qd8 15. g3 c6 16. Nc3 Re6 17. e5 d5 18. f4 g6 19. Qf2 Qb6 20. Na4 Qxf2+ 21.
Kxf2 Ng7 22. Nc5 Re7 23. Kf3 Ne6 24. Nxe6 fxe6 25. h4 Rf7 26. Kg4 Kg7 27. Rd3
1/2-1/2

[Event "International Championship of Central Se"]
[Site "Paracin, hotel "]
[Date "2013.07.10"]
[Round "7.22"]
[White "Miskovic, Lazar"]
[Black "Van Muylem, Tom"]
[Result "1-0"]
[WhiteElo "1733"]
[BlackElo "1931"]
[PlyCount "114"]
[EventDate "2013.07.05"]

1. c4 b6 2. Nf3 Bb7 3. Nc3 e6 4. g3 Nf6 5. Bg2 Be7 6. O-O O-O 7. b3 c5 8. Bb2
d6 9. d4 Nbd7 10. e3 a6 11. Qc2 Qc7 12. Rac1 d5 13. cxd5 exd5 14. Ne5 cxd4 15.
Nxd5 Qxe5 16. Bxd4 Qb8 17. Nxe7+ Kh8 18. Nc6 Bxc6 19. Qxc6 Ra7 20. Rfd1 Re8 21.
Bxf6 Nxf6 22. Rd6 b5 23. Qb6 h6 24. Qxb8 Rxb8 25. Rcc6 a5 26. Ra6 Rc7 27. Rxa5
Rc2 28. h3 b4 29. Rd4 g5 30. Rd6 Kg7 31. Rf5 Ne8 32. Ra6 Nc7 33. Raf6 Nb5 34.
Rxf7+ Kh8 35. Rf8+ Rxf8 36. Rxf8+ Kg7 37. Ra8 Nc3 38. a3 bxa3 39. Rxa3 Nd1 40.
Ra7+ Kf6 41. Ra6+ Kg7 42. Rg6+ Kf7 43. Bd5+ Ke7 44. Re6+ Kf8 45. Rf6+ Ke7 46.
Rf7+ Kd6 47. Bc4 Rb2 48. Kf1 Ke5 49. Ke1 Nc3 50. Re7+ Kf6 51. Re6+ Kg7 52. e4
h5 53. e5 h4 54. gxh4 gxh4 55. Rf6 Ne4 56. Rf7+ Kh6 57. e6 Ng5 1-0

[Event "International Championship of Central Se"]
[Site "Paracin, hotel "]
[Date "2013.07.10"]
[Round "7.23"]
[White "Pavlovic, Branka"]
[Black "Jaklin, Damir"]
[Result "0-1"]
[WhiteElo "1787"]
[BlackElo "1916"]
[PlyCount "102"]
[EventDate "2013.07.05"]

1. e4 c5 2. Nf3 Nc6 3. b3 d6 4. Bb2 Nf6 5. Nc3 e5 6. Bc4 Be7 7. O-O O-O 8. Re1
a6 9. a4 Rb8 10. Nd5 Be6 11. Nxe7+ Nxe7 12. Bd3 Bg4 13. c3 b5 14. Bc2 b4 15. h3
Be6 16. Ng5 Bc8 17. Bc1 h6 18. Nf3 Qc7 19. c4 Nh7 20. d3 f5 21. Nh2 Be6 22. Rf1
fxe4 23. dxe4 Ng6 24. Ng4 Nf6 25. Ne3 Qd7 26. Nf5 Bxf5 27. exf5 Ne7 28. f4 Nc6
29. fxe5 Nxe5 30. Bf4 Rfe8 31. Qd2 Re7 32. Rad1 Rd8 33. Rfe1 Nf7 34. g4 Rxe1+
35. Rxe1 d5 36. Qf2 dxc4 37. bxc4 Qd4 38. Bb3 Qd3 39. Re3 Qd4 40. Re2 Qc3 41.
Re3 Rd3 42. Rxd3 Qxd3 43. Qe3 Qb1+ 44. Kg2 Ne4 45. Kf3 Qh1+ 46. Ke2 Qg2+ 47.
Ke1 Nfg5 48. Bxg5 hxg5 49. Bd1 Qh1+ 50. Ke2 Nc3+ 51. Kf2 Nxd1+ 0-1

[Event "International Championship of Central Se"]
[Site "Paracin, hotel "]
[Date "2013.07.10"]
[Round "7.24"]
[White "Jovovic, Jovan"]
[Black "Ristic, Dejan D"]
[Result "0-1"]
[WhiteElo "1898"]
[BlackElo "1823"]
[Annotator "Natasa"]
[PlyCount "50"]
[EventDate "2013.07.05"]

1. d4 Nf6 2. Nf3 g6 3. b3 Bg7 4. Nbd2 d5 5. e3 O-O 6. Bd3 Bg4 7. h3 Be6 8. Ba3
h6 9. O-O Re8 10. Ne5 Nc6 11. Bb5 Bd7 12. Nxd7 Qxd7 13. Re1 a6 14. Bd3 e5 15.
dxe5 Rxe5 16. Bb2 Re7 17. a3 Rd8 18. Qf3 Ne5 19. Qe2 Nxd3 20. Qxd3 c6 21. Bd4
Ne4 22. Bxg7 Kxg7 23. Nxe4 dxe4 24. Qe2 Qd2 25. Qxd2 Rxd2 {unreadable} 0-1

[Event "International Championship of Central Se"]
[Site "Paracin, hotel "]
[Date "2013.07.10"]
[Round "7.25"]
[White "Mirkovic, Dejan"]
[Black "Mijajlovic, Milutin"]
[Result "1/2-1/2"]
[WhiteElo "1886"]
[BlackElo "1757"]
[Annotator "Natasa"]
[PlyCount "57"]
[EventDate "2013.07.05"]

1. d4 d5 2. c4 e6 3. Nc3 dxc4 4. Qa4+ Nd7 5. Qxc4 c6 6. e4 Ngf6 7. Be2 Be7 8.
Nf3 h6 9. Bf4 Nb6 10. Qb3 Nbd7 11. Rd1 O-O 12. h3 a5 13. O-O Re8 14. Be3 Nf8
15. d5 exd5 16. Bb6 Qd7 17. exd5 Qf5 18. Bc4 cxd5 19. Nxd5 Nxd5 20. Rxd5 Qg6
21. Ne5 Qe4 22. f3 Qf4 23. Nd3 Qg3 24. Bf2 Qc7 25. Rb5 Ne6 26. f4 Rf8 27. Bb6
Qd7 28. Rd5 Qc6 29. Ne5 {unreadable} 1/2-1/2